Derecho administrativo (Registro nro. 3954)

Detalles MARC
000 -LEADER
fixed length control field 01471 a2200241 4500
001 - CONTROL NUMBER
control field 45522
005 - DATE AND TIME OF LATEST TRANSACTION
control field 20260407155727.0
008 - FIXED-LENGTH DATA ELEMENTS--GENERAL INFORMATION
fixed length control field 260407a1994 arg spa d
003 - CONTROL NUMBER IDENTIFIER
control field AR-UNSa-BCEJYS
040 ## - CATALOGING SOURCE
Original cataloging agency AR-UNSa-BCEJYS
Language of cataloging spa
Transcribing agency AR-UNSa-BCEJYS
080 ## - UNIVERSAL DECIMAL CLASSIFICATION NUMBER
Universal Decimal Classification number 342.9
Common auxiliary subdivision Derecho Administrativo
020 ## - INTERNATIONAL STANDARD BOOK NUMBER
International Standard Book Number 978-950-9385-20-7
041 ## - LANGUAGE CODE
Language code of text/sound track or separate title spa
100 1# - MAIN ENTRY--PERSONAL NAME
Personal name Dromi, José Roberto
245 10 - TITLE STATEMENT
Title Derecho administrativo
250 ## - EDITION STATEMENT
Edition statement 3a. ed.
264 #1 - PRODUCTION, PUBLICATION, DISTRIBUTION, MANUFACTURE, AND COPYRIGHT NOTICE
Place of production, publication, distribution, manufacture Buenos Aires :
Name of producer, publisher, distributor, manufacturer Ediciones Ciudad Argentina
Date of production, publication, distribution, manufacture, or copyright notice 1994
300 ## - PHYSICAL DESCRIPTION
Extent 910 p.
Dimensions 24 cm.
505 ## - FORMATTED CONTENTS NOTE
Formatted contents note 1. Constitución y estado - 2. Individuo y estado - 3. Derecho y estado - 4. Derecho administrativo - 5. Hecho administrativo - 6. Acto Administrativo - 7. Reglamento administrativo - 8. Simple acto de la administración - 9. Contrato administrativo: Principios - 10. Contrato administrativo: clases - 11. Situación y regulación administrativas - 12. Organización administrativa - 13. Administración e integración comunitaria - 14. Servicio público - 15. Dominio público - 16. Policía y poder de policía - 17. Limitaciones administrativas a la propiedad - 18. Intervención administrativa en la economía - 19. Fiscalización administrativa - 20. Responsabilidad estatal - 21. Procedimiento administrativo - 22. Proceso administrativo<br/>
590 ## - LOCAL NOTE (RLIN)
Local note niveau_biblio:m niveau_hierar:0
856 41 - ELECTRONIC LOCATION AND ACCESS
Uniform Resource Identifier <a href="https://www.biblioeco.unsa.edu.ar/pmb/images/libros/L127135.jpg">https://www.biblioeco.unsa.edu.ar/pmb/images/libros/L127135.jpg</a>
Link text Imagen de portada
Electronic format type image/jpeg
942 ## - ADDED ENTRY ELEMENTS (KOHA)
Koha item type
Existencias
Withdrawn status Lost status Damaged status Not for loan Home library Current library Shelving location Date acquired Total checkouts Full call number Barcode Date last seen Price effective from Koha item type
        Biblioteca Prof. Eusebio Cleto del Rey Biblioteca Prof. Eusebio Cleto del Rey   07/04/2026   342.9 D786 3ed. L127135 07/04/2026 07/04/2026 Libro